• 首页
  • 本馆介绍
  • 公告通知
  • 最新文献
  • 馆藏检索
  • 电子资源
  • 读者导购
  • 参考咨询
  • 我的图书馆
  • 登录
  • 详细信息显示
  • 放入我的书架
  • 预约/预借图书
  • 作者相关作品
  • 分类相关作品
  • 丛书相关作品
  • 出版社相关作品

书目信息

  • 表格格式
  • 工作单格式
  • 卡片格式
题名:
研究生入学考试要点、真题解析与模拟试卷
    
 
作者: 扬明 , 杨萍 主编
分册:  
出版信息: 北京   电子工业出版社  2003.09
页数: 332页
开本: 26cm
丛书名:
单 册:
中图分类: TP311.12
科图分类:
主题词: 数据结构--研究生--入学考试--升学参考资料 , 数据结构 , 软件
电子资源:
ISBN: 7-5053-9134-8
000 01194nam0 2200313 450
001 073000000071
005 20031022102431.0
010    @a7-5053-9134-8@dCNY29.00
100    @a20041224d2003 em y0chiy0110 ea
101 0  @achi
102    @aCN@b110000
105    @ay q 000yy
200 1  @a研究生入学考试要点、真题解析与模拟试卷@Ayan jiu sheng ru xue kao shi yao dian 、 zhen ti jie xi yu mo ni shi juan@e数据结构@f杨明,杨萍主编@Fyang ming,yang ping zhu bian
210    @a北京@c电子工业出版社@d2003.09
215    @a332页@d26cm@e试卷1册(40页)
300    @a飞思教育
300    @a飞思考试中心
330    @a全书分11章,内容涵盖线性表、栈和队列、串、数组和广义表等。每章分重点难点精解、全真试题解析、以练代考训练题、以练代考训练题答案与解析等4个版块。书后附3份模拟试卷,并给出答案与解析。
517 1  @a数据结构@Ashu ju jie gou
606 0  @a数据结构@x研究生@x入学考试@j升学参考资料
606 0  @a数据结构
606 0  @a软件
690    @aTP311.12@v4
701  0 @a扬明@Ayang ming@4主编
701  0 @a杨萍@Ayang ping@4主编
801  0 @aCN@bNLC@c20041224
905    @aBZT@dTP311.12@e1@f7
906    @dCNY29.00@n0@r1
999    @tC@Ashuju@a20031022 10:24:29@Mshuju@m20031022 10:24:31
    
    研究生入学考试要点、真题解析与模拟试卷:数据结构/杨明,杨萍主编.-北京:电子工业出版社,2003.09
    332页;26cm+试卷1册(40页)
    飞思教育.-飞思考试中心
    
    ISBN 7-5053-9134-8:CNY29.00
    全书分11章,内容涵盖线性表、栈和队列、串、数组和广义表等。每章分重点难点精解、全真试题解析、以练代考训练题、以练代考训练题答案与解析等4个版块。书后附3份模拟试卷,并给出答案与解析。
●
相关链接 在五车中查询图书 在当当中查询图书 在豆瓣中查询图书


正题名:研究生入学考试要点、真题解析与模拟试卷     索取号:TP311.12/1         预约/预借

序号 登录号 条形码 馆藏地/架位号 状态 备注
1 0377312   200881162   样本书库/样003架A面1层1列/ [索取号:TP311.12/1] 在馆    
2 0377313   200882447   中心书库中库/ 中库028架A面1列5层3/ [索取号:TP311.12/1] 在馆    
3 0377314   200882465   中心书库中库/ 中库028架A面1列5层1/ [索取号:TP311.12/1] 在馆    
4 0377315   200881153   中心书库中库/ 中库028架A面1列5层2/ [索取号:TP311.12/1] 在馆    
5 0377316   200881144   中心书库中库/ 中库028架A面1列5层4/ [索取号:TP311.12/1] 在馆    
6 0377317   200881171   中心书库中库/ 中库028架A面1列5层5/ [索取号:TP311.12/1] 在馆    
山东省滨州职业学院图书馆 欢迎您!
大连网信软件有限公司© 版权所有